Кога ще порасна? (Запис номер 142546)
[ съкратено ]
| 000 -Лидер | |
|---|---|
| Контролно поле с фиксирана дължина | nam a22 a 4500 |
| 003 - Код на организацията, давaща контролен номер | |
| Контролно поле | BLK |
| 005 - Дата и час на последна редакция | |
| Контролно поле | 20230412162750.0 |
| 008 - Елементи от данни с фиксирана дължина | |
| fixed length control field | 180409b bul|||||r ||||||| ||bul|| |
| 010 ## - Наследен системен номер | |
| LC control number | KNG00148639000 |
| 040 ## - Източник на каталожния запис | |
| Идентификатор на билиотеката - собственик на записа | BLK |
| 041 ## - Код за език | |
| Код за езика на текст/звукозапис или на отделно заглавие | Български |
| Код за езика КДБФ | Български |
| 080 ## - УДК | |
| Текстов определител УДК | Българска литература |
| УДК код - определител по УДК | 821.163.2 |
| УДК определител | -93-32 |
| УДК - код + определител | 821.163.2-93-32 |
| 080 ## - УДК | |
| Текстов определител УДК | Българска литература |
| УДК код - определител по УДК | 821.163.2 |
| УДК определител | -93-34 |
| УДК - код + определител | 821.163.2-93-34 |
| 100 1# - Редна дума - Автор | |
| Автор | Стъпов, Петър Иванов |
| R(LIN) | 379327 |
| 139 ## - Редно поле | |
| Редна дума | Стъпов, Петър Иванов |
| Авторски знак | Сту - С 88 |
| 245 10 - Сведения за заглавието | |
| Заглавие | Кога ще порасна? |
| Подзаглавни данни | Приказки и разкази за деца |
| Редно поле (дума) | Петър Иванов Стъпов; худож. Анжела Димитрова Минкова. |
| 257 ## - Страна на издаване | |
| Страна на създаване/издаване | България |
| 260 ## - Област на издателските данни | |
| Място на издаване, разпространение и проч. | София |
| Име на издателя, разпространителя и проч. | Бълг. писател |
| Година на издаване | 1983 |
| Печатница | В. Търново : Д. Найденов |
| 300 ## - Физическа характеристика | |
| Страници | 152 с. |
| Илюстрации и др. | с ил. |
| Размери/Мащаб | 22 см |
| 380 ## - Жанр | |
| Жанр | Детска худож. лит. |
| 500 ## - Общи забележки | |
| Забележка | 2 113 екз. от тир. подв. |
| 700 1# - Други автори (авторска отговорност) | |
| Лично име | Минкова, Анжела Димитрова |
| Автороска отговорност (Описва отношението между автора и произведението) | худож. |
| 9 (RLIN) | 377007 |
| 852 ## - Местоположение | |
| Форматна сигнатура | Цб 262209 |
| 856 4# - Електронен адрес и достъп | |
| Електронен формат | pdf - файл |
| Инструкция (цена за достъп) | 0.95 |
| Права за достъп | disable |
| 856 4# - Електронен адрес и достъп | |
| Електронен формат | pdf - файл |
| Инструкция (цена за достъп) | 0.95 |
| Права за достъп | disable |
| 999 ## - СИСТЕМНИ КОНТРОЛНИ НОМЕРА | |
| Koha biblionumber | 142546 |
| Koha biblioitemnumber | 142546 |
| 942 ## - АРТИКУЛИ | |
| Вид на библиотечния материал | Книги |
| Скрит в OPAC | Не |
| Периодичен библиозапис | Да |
| 944 ## - СЪЗДАВАНЕ И РЕДАКЦИЯ на ЗАПИСА | |
| Създаване/Редакция | Създаване |
| Дата на регистрацията/редакция | 06.08.2013 |
| Статус, дата на статуса | 06.08.2013 - от С1,Р / 06.08.2013 |
| Служител, извършил регистрацията/редакцията | Айшегюл_Сабриева |
| 944 ## - СЪЗДАВАНЕ И РЕДАКЦИЯ на ЗАПИСА | |
| Създаване/Редакция | Редакция |
| Дата на регистрацията/редакция | 16.09.2017 |
| Статус, дата на статуса | 06.08.2013 - от С1,Р / 06.08.2013 |
| Служител, извършил регистрацията/редакцията | Наталия_Любомирова |
| 999 ## - СИСТЕМНИ КОНТРОЛНИ НОМЕРА | |
| Koha biblioitemnumber | 142546 |
| Код за отписване | Код за изгубен артикул | Източник на класификационната схема | Код за повреда | Коз за рестрикции | Код за отдаване | Артикулен № | Име на библиотеката - собственик | Име на библиотеката, в която се намира в момента | Статус (Текущо местоположение) | Дата на вписване в системата | Местоположение - отдел | Цена в лева | Инвентарен номер | Систематично азбучна сигнатура | Баркод | Номер на екземпляра | Цена в евро | Служебна бележка | Служебен тип на артикула | Бележка за публиката |
|---|---|---|---|---|---|---|---|---|---|---|---|---|---|---|---|---|---|---|---|---|
| Не е изгубен | Universal Decimal Classification | Не е повреден | без рестрикции | ползва се в читалня | 235912 | Регионална библиотека "Любен Каравелов" Русе | Регионална библиотека "Любен Каравелов" Русе | Хранилище | 1983-01-01 | Хранилище | 0.95 | 380756 | Цб 262209 | 120000380756 | 1 | 0.49 | Вид: СФ N: стар фонд Дата: 01.01.1983 | Книги | ||
| Не е изгубен | Universal Decimal Classification | Не е повреден | без рестрикции | заемане за дома | 235913 | Регионална библиотека "Любен Каравелов" Русе | Регионална библиотека "Любен Каравелов" Русе | Детски отдел | 1983-01-01 | Детски отдел | 0.74 | 375034 | ДХ 886.7/С 88 | 120000375034 | 2 | 0.38 | Вид: СФ N: стар фонд Дата: 01.01.1983 Дата инв: 28.09.2015 Бележки инв: Д2015 | Книги | ||
| Изтеглен | Не е изгубен | Не е повреден | без рестрикции | заемане за дома | 235914 | Регионална библиотека "Любен Каравелов" Русе | Регионална библиотека "Любен Каравелов" Русе | 1983-01-01 | Детски отдел | 0.74 | 375036 | ДХ 886.7/С 88 | 375036 | 3 | 0.38 | Вид: СФ N: стар фонд Дата: 01.01.1983 Дата инв: 28.09.2015 Бележки инв: Д2015 | Книги | Отч.N: 30/2017 , Дата: 01.09.2017 | ||
| Изтеглен | Не е изгубен | Не е повреден | без рестрикции | заемане за дома | 235915 | Регионална библиотека "Любен Каравелов" Русе | Регионална библиотека "Любен Каравелов" Русе | 1983-01-01 | Детски отдел | 0.74 | 375040 | ДХ 886.7/С 88 | 375040 | 4 | 0.38 | Вид: СФ N: стар фонд Дата: 01.01.1983 Дата инв: 28.09.2015 Бележки инв: Д2015 | Книги | Отч.N: 27/2017 , Дата: 16.08.2017 |